| 000 | 00700nam a2200229 a 4500 | ||
|---|---|---|---|
| 001 | 000004617 | ||
| 005 | 20200929151454.0 | ||
| 008 | 090724s2002 es 000 p spa d | ||
| 020 | _z84796222237 | ||
| 040 | _aDO-SdBNP | ||
| 082 |
_a895.73 _bH233s |
||
| 100 | 1 |
_aHan Yung Un _d1879-1944 _913464 |
|
| 245 | 1 | 0 |
_aSu silencio / _cHan Yung Un ; traductor Kim Hyun-Chang. |
| 260 |
_aMadrid : _bVerbum, _c2002. |
||
| 300 |
_a126 p. ; _c20 cm. |
||
| 500 | _aIncluye datos biográficos del autor en la contracubierta. | ||
| 650 | 4 |
_aPoesÃa coreana _913465 |
|
| 650 | 4 |
_aLiteratura coreana _96345 |
|
| 700 | 1 | 2 |
_aKim Hyun-Chang, _etr. _913466 |
| 910 | _aValidado. Control de calidad MFF | ||
| 049 | _aBNPD | ||
| 999 |
_c4425 _d4425 |
||